000 00715cam a2200217 4500
001 M1817
008 090401t1994 xxu||||| |||| 00| 0 eng d
035 _a(Sirsi) u34694
041 0 _aeng
050 0 4 _a381.41 $2 18
090 _aRICS 1994/97A
110 2 _aLivestock Auctioneers' Association
_9371
245 0 0 _aReport of the Council for the period ending December 1993.
260 _aCoventry
_bLivestock Auctioneers' Association
_c1994
300 _a1
_ffolded sheet
_c21cm.
350 _a0
520 _a38th report. Auctioneers' Market Committee for England and Wales taken over by the Livestock Auctioneers' Association in 1993.
690 _aAuctioneering
_96218
942 _n0
948 _c04/03/1997
999 _c89984
_d89984